000 01223nam a2200385 4500
001 000225
003 DO-SdBNP
005 20180126141747.0
007 000225
008 840424s2008 mx a 000 spa
016 7 _a
_z
_2BPMSU
017 _a
_b
020 _a9789681910020
035 _a
040 _aBPMSU
_bspa
_cBPMSU
_e
041 1 _aspa
_h
080 0 _a
082 _a833.7
_bN898k
100 1 _aNöstlinger, Christine
_d1936-
_4
240 _aKonrad oder das kind aus der konservenbüchse.
_lEspañol
245 1 0 _aKonrad o El niño que salió de una lata de conservas /
_h
_cChristine Nöstlinger ; traducción de Mª Jesús Ampudia ; ilustraciones de Frantz Wittkamp
250 _a4ª reimpresión
260 _aMadrid :
_bAlfaguara,
_c2008
300 _a156 p. :
_bil.;
_c22 cm
490 0 _aJuvenil Alfaguara
500 _aIncluye datos biográficos del autor
650 _aCUENTOS JUVENILES ALEMANES
650 _aLITERATURA JUVENIL ALEMANES
700 1 _aAmpudia, María Jesús
_d
_etr.
700 1 _aWittkamp, Frantz
830 _aJuvenil Alfaguara
942 _2ddc
_cBK
945 _aInventariado, 2018 / BT
956 _a VMATEO
_b10
_c20161110
_dBPMSU
_f0069
999 _c11901
_d11901